000 00551nmm a2200169Ia 4500
008 251105s9999||||xx |||||||||||||||||und||
020 _a9788415759706
041 _aspa
100 _aOcaña Martínez, Pablo
245 0 _aUrbegi : Un proyecto empresarial con vocación social Pablo Ocaña Martínez
264 _a[Madrid, España] :
_bUniversidad de Deusto,
_c2015
300 _a102 páginas
490 _aAmarillo - Serie Economía
650 _aEconomics and Business
856 _uhttps://public.digitaliapublishing.com/a/45128
942 _cCF
999 _c77034
_d77034